THE EFFECT OF DIETARY MAGNESIUM OXIDE SUPPLEMENTATION ON CARCASS VALUE, MEAT QUALITY AND MUSCLE LACTATE AND GLYCOGEN LEVEL OF PIGS

Bibliographic Details
Main Authors: Vašíček, D. (Author), Bahelka, I. (Author), Ender, K. (Author), Demo, P. (Author), Lahučký, R. (Author), Küchenmeister, U. (Author)
Format: Article
Language:English

MARC

LEADER 00000nab a2200000uu 4500
001 vtls010898293
003 SK-MaSNL
005 20260303142310.0
008 230222|2007 xo |||||||||||||||||eng|
015 |a SNBRB 
035 |a (urnnbn)urn:nbn:sk:snk:ar-006okc 
035 |a (uuid)3aaf7b6f-aeb6-41ac-a594-a50942d75ce8 
035 |a urn:nbn:sk:snk-ab8qiq 
040 |a SNKBUCL  |b slo  |c SNKBUCL  |e AACR2 
041 0 |a eng 
044 |a xo  |c SK 
100 1 |a Vašíček, D.  |4 aut  |9 772920 
245 1 0 |a THE EFFECT OF DIETARY MAGNESIUM OXIDE SUPPLEMENTATION ON CARCASS VALUE, MEAT QUALITY AND MUSCLE LACTATE AND GLYCOGEN LEVEL OF PIGS  |c D. Vašíček, I. Bahelka, K. Ender, P. Demo, R. Lahučký, U. Küchenmeister 
700 1 |a Bahelka, I.  |4 aut  |9 800078 
700 1 |a Ender, K.  |4 aut  |9 1162443 
700 1 |a Demo, P.  |4 aut  |9 772935 
700 1 |a Lahučký, R.  |4 aut  |9 787854 
700 1 |a Küchenmeister, U.  |4 aut  |9 1162444 
773 0 |t Slovak journal of animal science  |g Roč. 40, č. 1 (2007), s. 24-29 
958 |a OND 
958 |a EUIPO 
958 |a article10 
999 |c 1981921  |d 1983851